banner koha

Citrumelos F-80 para a citricultura (Registro n. 299803)

MARC details
000 -LÍDER
fixed length control field 00828nab a2200241 4500
003 - CÓDIGO MARC DA AGÊNCIA CATALOGADORA
Campo de controle BR-BrBNA
005 - DATA E HORA DA ÚLTIMA ATUALIZAÇÃO
Campo de controle 20240528003440.0
008 - CAMPO DE TAMANHO FIXO
fixed length control field 240528b bl.||||| |||| 00| 0 por d
040 ## - FONTE DA CATALOGAÇÃO
Agência catalogadora BR-BrBNA
Idioma da catalogação por
072 ## - CATEGORIA AGRIS
Código AGRIS H01 ; F60
Código do objeto 3500
100 ## - ENTRADA PRINCIPAL - NOME PESSOAL
Nome pessoal Pompeu Júnior, Jorgino
100 ## - ENTRADA PRINCIPAL - NOME PESSOAL
Nome pessoal Blumer, Sílvia
245 ## - TÍTULO PRINCIPAL
Título principal Citrumelos F-80 para a citricultura
Subtítulo Fisiologia
500 ## - NOTA GERAL
Nota geral 4 illus.; 1 table
942 ## - ADDED ENTRY ELEMENTS (KOHA)
Koha item type
650 ## - ASSUNTO - THESAGRO
Cabeçalho tópico ou nome geográfico CITRICULTURA
650 ## - ASSUNTO - THESAGRO
Cabeçalho tópico ou nome geográfico PORTA ENXERTO
650 ## - ASSUNTO - THESAGRO
Cabeçalho tópico ou nome geográfico MATERIAL DE PROPAGAÇÃO
650 ## - ASSUNTO - THESAGRO
Cabeçalho tópico ou nome geográfico RESISTÊNCIA A DOENÇA
650 ## - ASSUNTO - THESAGRO
Cabeçalho tópico ou nome geográfico FISIOLOGIA VEGETAL
773 0# - ENTRADA ANALÍTICA
Host Biblionumber 4769
Registro do item 314627
Imprenta Bebedouro - SP Grupo Técnico de Assistência e Consultoria em Citrus 2001
Outro identificador 2024-0879
Título Ciência e Pratica (Brazil)
Colação v. 6(20) p. 6-7; (Jan-Mar 2006)
Número de controle de registro BR2024001228

Nenhum exemplar disponível.

BINAGRI

Telefone: (61)3218-2567/2388/3357/2097 - binagri@agro.gov.br

Ministério da Agricultura e Pecuária , Esplanada dos Ministérios, Bloco D, Anexo B, Brasília/DF, CEP: 70.043-900